Absolvent vysokej školy z pohľadu trhu práce na Slovensku

Náčrt aktuálneho stavu trhu práce na Slovensku z pohľadu vzdelanostnej štruktúry jeho aktérov (absolventov, zamestnancov, uchádzačov o zamestnanie). Pohľad na celkovú štruktúru ekonomicky aktívnej populácie z pohľadu jej vzdelanostnej štruktúry. Miera nezamestnanosti za jednotlivé vzdelanostné skupi...

Descrizione completa

Salvato in:
Dettagli Bibliografici
Autore principale: Blanár, František
Natura: Capitolo di libro
Lingua:slovacco
Soggetti:
Tags: Aggiungi Tag
Nessun Tag, puoi essere il primo ad aggiungerne!!

MARC

LEADER 00000naa a2200000 4500
001 0253232
005 20220715112259.2
041 0 |a slo 
044 |a SK 
245 1 0 |a Absolvent vysokej školy z pohľadu trhu práce na Slovensku  |c František Blanár 
520 |a Náčrt aktuálneho stavu trhu práce na Slovensku z pohľadu vzdelanostnej štruktúry jeho aktérov (absolventov, zamestnancov, uchádzačov o zamestnanie). Pohľad na celkovú štruktúru ekonomicky aktívnej populácie z pohľadu jej vzdelanostnej štruktúry. Miera nezamestnanosti za jednotlivé vzdelanostné skupiny. 
610 2 0 |a Slovensko 
610 2 0 |a trh práce 
610 2 0 |a miera nezamestnanosti 
610 2 0 |a politika zamestnanosti 
610 2 0 |a absolventi 
610 2 0 |a školy vysoké 
610 2 0 |a miesta pracovné voľné 
100 1 |a Blanár, František